[Event "Heraklion Gazi op"]
[Site "Heraklion"]
[Date "2005.10.02"]
[Round "7"]
[White "Kontaki, Maria"]
[Black "Fragiadakis, Zacharias"]
[Result "0-1"]
[WhiteElo "1220"]
[BlackElo "1000"]
[PlyCount "72"]
[EventDate "2005.09.27"]
[EventType "swiss"]
[EventRounds "7"]
[EventCountry "GRE"]
[SourceTitle "EXT 2007"]
[Source "ChessBase"]
[SourceDate "2006.11.23"]
[SourceVersion "1"]
[SourceVersionDate "2006.11.23"]
[SourceQuality "1"]

1. e4 e5 2. Nf3 Nc6 3. d4 d5 4. dxe5 dxe4 5. Ng5 Qxd1+ 6. Kxd1 Bf5 7. Bb5 0-0-0+ 8. Ke1 Nxe5 9. Bf4 h6 10. Bxe5 hxg5 11. Nc3 Ne7 12. Rd1 Ng6 13. Rxd8+ Kxd8 14. Bd4 Kc8 15. Ke2 Nf4+ 16. Ke3 Nxg2+ 17. Kd2 f6 18. Bxa7 b6 19. Bf1 Nf4 20. Ke3 Bc5+ 21. Kd2 Bxf2 22. Ne2 Rd8+ 23. Kc3 Nxe2+ 24. Bxe2 Kb7 25. Rf1 e3 26. Bxb6 Kxb6 27. b4 Be6 28. Kb2 g4 29. a4 Rd4 30. a5+ Ka7 31. Kc3 Rd2 32. Bd1 e2 33. Bxe2 Rxe2 34. Kd3 Bh4 35. Kxe2 Bc4+ 36. Kd1 Bxf1 0-1

[Event "Heraklion Gazi op"]
[Site "Heraklion"]
[Date "2005.10.01"]
[Round "5"]
[White "Fragiadakis, Zacharias"]
[Black "Kallergis, Manousos"]
[Result "0-1"]
[WhiteElo "1000"]
[BlackElo "1005"]
[PlyCount "50"]
[EventDate "2005.09.27"]
[EventType "swiss"]
[EventRounds "7"]
[EventCountry "GRE"]
[SourceTitle "EXT 2007"]
[Source "ChessBase"]
[SourceDate "2006.11.23"]
[SourceVersion "1"]
[SourceVersionDate "2006.11.23"]
[SourceQuality "1"]

1. Nf3 d5 2. d4 Nf6 3. e3 e6 4. c4 Nc6 5. Bd2 Be7 6. Bc3 0-0 7. Ne5 Bd6 8. c5 Bxe5 9. dxe5 Ne4 10. f4 Nxc5 11. b4 Ne4 12. Bb2 Nxb4 13. a3 Nc6 14. Qh5 Ne7 15. Bd3 Nf5 16. g3 c5 17. 0-0 Nxe3 18. Nd2 g6 19. Qh3 Nxd2 20. Rfe1 Nf3+ 21. Kh1 Nxe1 22. Rxe1 d4 23. Bc1 Qa5 24. Re2 Qc3 25. Bxg6 Qxc1+ 0-1